Christian perspectives for education : (Record no. 49656)
| 000 -LEADER | |
|---|---|
| fixed length control field | 00487cam a22001453u 4500 |
| 001 - CONTROL NUMBER | |
| control field | 007783104 |
| 020 ## - INTERNATIONAL STANDARD BOOK NUMBER | |
| International Standard Book Number | 0852441614 (pbk) |
| 245 00 - TITLE STATEMENT | |
| Title | Christian perspectives for education : |
| Remainder of title | a reader in the theology of education. |
| Statement of responsibility, etc | Leslie Francis and Adrian Thatcher. |
| 260 ## - PUBLICATION, DISTRIBUTION, ETC. (IMPRINT) | |
| Place of publication, distribution, etc | Leominster; England: |
| Name of publisher, distributor, etc | Fowler Wright, |
| Date of publication, distribution, etc | 1990. |
| 300 ## - PHYSICAL DESCRIPTION | |
| Extent | 394 p. |
| Dimensions | 24 cm. |
| 650 ## - SUBJECT ADDED ENTRY--TOPICAL TERM | |
| Topical term or geographic name as entry element | Christian Education. |
| 700 1# - ADDED ENTRY--PERSONAL NAME | |
| Personal name | Francis, Leslie. |
| Relator term | Ed. |
| 9 (RLIN) | 86782 |
| 700 1# - ADDED ENTRY--PERSONAL NAME | |
| Personal name | Thatcher, Adrian, |
| Relator term | Ed. |
| 9 (RLIN) | 86783 |
| 942 ## - ADDED ENTRY ELEMENTS (KOHA) | |
| Source of classification or shelving scheme | |
| Koha item type | Teacher's Resources |
| Withdrawn status | Lost status | Source of classification or shelving scheme | Damaged status | Not for loan | Collection code | Home library | Current library | Shelving location | Date acquired | Full call number | Barcode | Date last seen | Price effective from | Koha item type |
|---|---|---|---|---|---|---|---|---|---|---|---|---|---|---|
| TEACHERS' RESOURCES | Asian Hope Secondary Library | Asian Hope Secondary Library | SECONDARY | 10/15/2025 | 207 FRA | 208278 | 01/16/2026 | 10/15/2025 | Teacher's Resources |